000
00274nam a22001097a 4500
041
_a
ENG
245
_a
The World Almanac And Book Of Facts 2005
260
_a
Delhi
_b
World Almanac Books
_c
2005
300
_a
1008
650
_a
Competitlve Exam
856
_u
Competitlve Exam ( 36 )
999
_c
929
_d
929